00000000nam 2200000zi 4500
0019.937775
003CaOODSP
00520250109150226
006m     o  d f      
007cr |n|||||||||
008240503s1985    nscdab  ob   f|0| 0 eng d
040 |aCaOODSP|beng|erda|cCaOODSP
043 |an-cn---
0861 |aEn4-723/1985E-PDF
24500|aEnvironment Canada presentations at the public hearings of the Hibernia Assessment Panel, October 16 to 24, 1985.
264 1|a[Dartmouth, Nova Scotia] : |bEnvironment Canada = Environnement Canada, |c[1985]
300 |a1 online resource (i, 172 pages) : |bcharts, illustrations, maps
336 |atext|btxt|2rdacontent
337 |acomputer|bc|2rdamedia
338 |aonline resource|bcr|2rdacarrier
500 |aDigitized edition from print [produced by Environment and Climate Change Canada].
504 |aIncludes bibliographical references.
520 |a"This document is a compendium of oral presentations made to the Hibernia Assessment Panel during Environment Canada's participation in the review of the Environmental Impact Statement for the Hibernia Development Project. The presentations were made at the Hibernia Panel Public Hearings between October 16-24, 1985 and is complementary information to Environment Canada's Scientific and Technical Comments of July 1985 and the Department's Position Statement of October 1985"--Introduction, page [2].
650 5|aHibernia Oil Field|xEnvironmental aspects.
650 0|aOffshore oil industry|xEnvironmental aspects.
650 6|aHibernia (Gisement pétrolifère)|xAspect de l'environnement.
650 6|aPétrole offshore|xIndustrie|xAspect de l'environnement.
7101 |aCanada. |bEnvironment Canada, |eissuing body.
85640|qPDF|s11.40 MB|uhttps://publications.gc.ca/collections/collection_2025/eccc/en4/En4-723-1985-eng.pdf